Un pessebre napolità del segle XXI : Del 12 de desembre al 8 de gener Del 12 de desembre al 8 de gener
MARC
| LEADER | 00000nkm a22000007a 4500 | ||
|---|---|---|---|
| 001 | 28872 | ||
| 003 | AGDB | ||
| 005 | 20260324181531.0 | ||
| 008 | 250519b spa||||| |||| 00| 0 cat d | ||
| 017 | |a B 22397-2024 | ||
| 040 | |a agdb |b cat | ||
| 245 | |a Un pessebre napolità del segle XXI : |b Del 12 de desembre al 8 de gener | ||
| 260 | |a Barcelona : |b Diputació de Barcelona ; |c 2024 | ||
| 300 | |a 1 targeta postal ; |b il·lustracions color ; |c 10 x 15 cm | ||
| 500 | |a Postal promocional de l'exposició d'un pessebre napolità a l'edifici de Can Serra entre el 12 de desembre de 2024 i el 8 de gener de 2025. | ||
| 500 | |a El pessebre que s'exposà és obra de l'artista Josep Massagué (figurinista i escenògraf) i es conserva al Museu Tèxtil de Terrassa. | ||
| 610 | 1 | 0 | |a Barcelona (Catalunya : Província). |b Diputació |x Activitats culturals |9 54737 |
| 650 | 0 | |a Pessebres |2 Arxiu |9 48014 |x Exposicions | |
| 655 | 0 | |a Targetes postals |9 52685 | |
| 710 | 1 | |a Barcelona (Catalunya : Província). |b Diputació |9 52408 | |
| 942 | |2 udc |c ARXIU |n 1 | ||
| 952 | |0 0 |1 0 |4 0 |6 NBM1826 |7 1 |9 98114 |a Arxiu |b Arxiu |d 2025-05-19 |l 0 |o NBM-18-26 |p 28872 |r 2025-05-19 00:00:00 |w 2025-05-19 |y ARXIU | ||
| 999 | |c 129896 |d 129896 | ||